[Event "International Tournament "]
[Site "Pool "]
[Date "2021.07.14"]
[Round "7.25"]
[White "Antova, Gabriela"]
[Black "Agibileg, Uurtsaikh"]
[Result "1-0"]
[WhiteElo "2241"]
[BlackElo "2413"]
[PlyCount "69"]
[EventDate "2021.07.09"]

1. d4 Nf6 2. c4 g6 3. Nf3 Bg7 4. g3 O-O 5. Bg2 c5 6. Nc3 Nc6 7. O-O cxd4 8.
Nxd4 Qa5 9. Nc2 d6 10. Bd2 Qh5 11. e4 Qc5 12. b3 Bg4 13. Qe1 Nd7 14. Na4 Qe5
15. h3 h5 16. Be3 Qe6 17. hxg4 hxg4 18. Rd1 Nde5 19. Qe2 Bf6 20. Nd4 Nxd4 21.
Bxd4 Kg7 22. Nc3 Rh8 23. Nd5 Nf3+ 24. Bxf3 Bxd4 25. Bxg4 Qe5 26. Kg2 Kf8 27. f4
Qg7 28. Qd2 Bb6 29. Nxb6 axb6 30. a4 f5 31. Bf3 b5 32. cxb5 Rc8 33. Rc1 Kf7 34.
Qd5+ e6 35. Qxb7+ 1-0

[Event "International Tournament "]
[Site "Pool "]
[Date "2021.07.14"]
[Round "7.26"]
[White "Stoyanov, Viktor"]
[Black "Radovanovic, Nikola"]
[Result "1/2-1/2"]
[WhiteElo "2240"]
[BlackElo "2395"]
[PlyCount "59"]
[EventDate "2021.07.09"]

1. d4 Nf6 2. c4 g6 3. Nc3 Bg7 4. e4 d6 5. Be2 O-O 6. Be3 Na6 7. Nf3 e5 8. O-O
Qe7 9. Bg5 Qe8 10. Bxf6 Bxf6 11. c5 Nb4 12. cxd6 cxd6 13. dxe5 dxe5 14. Bb5 Nc6
15. Nd5 Qd8 16. Qa4 Nd4 17. Nxd4 exd4 18. Rad1 Bg7 19. Qa3 Be6 20. Nf4 Qb6 21.
Nxe6 Qxe6 22. Bd3 a6 23. Rc1 Rac8 24. Qb3 Qxb3 25. axb3 Bh6 26. Rc4 b5 27. Rxd4
Rfd8 28. Rxd8+ Rxd8 29. Rd1 Bg7 30. Kf1 1/2-1/2

[Event "International Tournament "]
[Site "Pool "]
[Date "2021.07.14"]
[Round "7.27"]
[White "Nugumanov, Bakhtiyar"]
[Black "Granovskiy, Alexandr"]
[Result "1/2-1/2"]
[WhiteElo "2375"]
[BlackElo "2255"]
[PlyCount "45"]
[EventDate "2021.07.09"]

1. e4 e5 2. Nf3 Nc6 3. Bb5 a6 4. Ba4 Nf6 5. Bxc6 dxc6 6. d3 Nd7 7. Nbd2 Bd6 8.
Nc4 c5 9. O-O O-O 10. c3 Re8 11. Re1 Nf8 12. h3 Ng6 13. d4 cxd4 14. cxd4 exd4
15. Qxd4 Bb4 16. Bd2 Qxd4 17. Nxd4 Bxd2 18. Nxd2 c5 19. N4b3 b6 20. Nc4 Rb8 21.
Nd6 Rd8 22. Rad1 Be6 23. Nf5 1/2-1/2

[Event "International Tournament "]
[Site "Pool "]
[Date "2021.07.14"]
[Round "7.28"]
[White "Pavlov, Mark"]
[Black "Kamer, Kayra"]
[Result "1/2-1/2"]
[WhiteElo "2195"]
[BlackElo "2355"]
[Annotator "Balkanchess"]
[PlyCount "55"]
[EventDate "2021.07.09"]

1. d4 Nf6 2. Nf3 g6 3. g3 Bg7 4. Bg2 O-O 5. O-O d6 6. a4 Nc6 7. a5 a6 8. d5 Ne5
9. Nxe5 dxe5 10. c4 Bf5 11. Nc3 Qc8 12. e4 Bh3 13. Be3 Rd8 14. Qe2 Bxg2 15.
Kxg2 e6 16. f3 exd5 17. cxd5 Ne8 18. Rac1 Qd7 19. Rc2 Bf8 20. Ra1 Rab8 21. Na4
Nd6 22. Nc5 Qe8 23. h4 Nb5 24. h5 c6 25. hxg6 hxg6 26. Rd1 cxd5 27. exd5 Bxc5
28. Bxc5 {...64} 1/2-1/2

[Event "International Tournament "]
[Site "Pool "]
[Date "2021.07.14"]
[Round "7.29"]
[White "Kanov, Nikola"]
[Black "Gajic, Mladen"]
[Result "1/2-1/2"]
[WhiteElo "2140"]
[BlackElo "2352"]
[PlyCount "118"]
[EventDate "2021.07.09"]

1. e4 g6 2. d4 Bg7 3. Nf3 d6 4. Bc4 Nf6 5. Nc3 O-O 6. h3 Nc6 7. Qe2 e5 8. dxe5
dxe5 9. Bg5 Nd4 10. Nxd4 exd4 11. O-O-O h6 12. Bh4 g5 13. Bg3 Re8 14. Rhe1 c6
15. e5 Nh7 16. Qe4 Be6 17. Rxd4 Qa5 18. Bxe6 Rxe6 19. Qf5 Nf8 20. f4 Rae8 21.
Rf1 gxf4 22. Rdxf4 R8e7 23. Bh4 Rd7 24. Bf6 Bxf6 25. exf6 Qxf5 26. Rxf5 Rdd6
27. R5f4 Nd7 28. Ne4 Rd4 29. Rg4+ Kh8 30. Ng5 Rxg4 31. Nxf7+ Kh7 32. hxg4 Kg6
33. Nd8 Rxf6 34. Rxf6+ Kxf6 35. Nxb7 Kg5 36. Kd2 Kxg4 37. Ke2 Kg3 38. Kf1 Ne5
39. Nd6 h5 40. b4 Ng4 41. Nf5+ Kf4 42. Nd4 Ne5 43. Kf2 Ke4 44. Nb3 h4 45. a4
Ng4+ 46. Kg1 Kd5 47. Na5 Ne3 48. c3 Nc4 49. Kh2 Nxa5 50. bxa5 Kc4 51. Kh3 Kxc3
52. Kxh4 Kb4 53. g4 c5 54. g5 c4 55. g6 c3 56. g7 c2 57. g8=Q c1=Q 58. Qb8+
Kxa4 59. Qxa7 Qc4+ 1/2-1/2

[Event "International Tournament "]
[Site "Pool "]
[Date "2021.07.14"]
[Round "7.30"]
[White "Gunduz, Umut Erdem"]
[Black "Gurel, Ediz"]
[Result "1/2-1/2"]
[WhiteElo "2131"]
[BlackElo "2346"]
[PlyCount "85"]
[EventDate "2021.07.09"]

1. e4 c5 2. Nf3 e6 3. d4 cxd4 4. Nxd4 Nc6 5. Nc3 Qc7 6. g3 a6 7. Bg2 Nf6 8. O-O
Be7 9. Re1 O-O 10. Nxc6 dxc6 11. e5 Nd5 12. Qg4 Kh8 13. h4 Nxc3 14. bxc3 b5 15.
Bg5 Bb7 16. Rad1 Rad8 17. Bxe7 Qxe7 18. Qg5 Qc7 19. h5 h6 20. Qe3 c5 21. Bxb7
Qxb7 22. Qxc5 Qf3 23. Rd6 Rc8 24. Qe3 Qxh5 25. Rxa6 Rc4 26. Rb6 Rfc8 27. Rxb5
Rxc3 28. Rb8 Rxc2 29. Rxc8+ Rxc8 30. a4 Rc4 31. a5 Ra4 32. Qc3 Ra2 33. Ra1 Qe2
34. Rxa2 Qxa2 35. Qc8+ Kh7 36. a6 Qb1+ 37. Kh2 Qa2 38. Kg2 Qd5+ 39. Kg1 Qd1+
40. Kg2 Qd5+ 41. f3 Qd2+ 42. Kh3 Qd1 43. Qc6 1/2-1/2

[Event "International Tournament "]
[Site "Pool "]
[Date "2021.07.14"]
[Round "7.31"]
[White "Samadov, Read"]
[Black "Ivanovic, Marko"]
[Result "1/2-1/2"]
[WhiteElo "2332"]
[BlackElo "2245"]
[Annotator "Balkanchess"]
[PlyCount "116"]
[EventDate "2021.07.09"]

1. d4 Nf6 2. c4 e6 3. Nc3 Bb4 4. f3 Nh5 5. g3 O-O 6. Nh3 d5 7. a3 Bxc3+ 8. bxc3
dxc4 9. e4 c5 10. e5 Qa5 11. Bd2 cxd4 12. cxd4 c3 13. Be3 g6 14. Qb3 Nc6 15.
Rc1 c2+ 16. Kf2 Nxd4 17. Bxd4 Qd2+ 18. Be2 Qxd4+ 19. Qe3 Qxe3+ 20. Kxe3 Bd7 21.
Rxc2 Bc6 22. g4 Ng7 23. Nf4 Rfd8 24. h4 h6 25. Nd3 Rd5 26. Rhc1 Ne8 27. Rc5 a5
28. Rxd5 Bxd5 29. Nf4 Bc6 30. Bd3 Kf8 31. Ne2 Ke7 32. Nd4 Bd7 33. Rb1 Rb8 34.
Nb3 b5 35. Nxa5 Ra8 36. Nb3 Rxa3 37. Nd4 Nc7 38. Rb2 Rc3 39. Kd2 Rc5 40. f4 Nd5
41. f5 exf5 42. gxf5 gxf5 43. Bxf5 Rc4 44. Kd3 Nf4+ 45. Ke3 Bxf5 46. Nxf5+ Ke6
47. Nxh6 Nd5+ 48. Kf3 Rxh4 49. Nxf7 b4 50. Nd8+ Kxe5 51. Nc6+ Kf5 52. Nxb4 Nxb4
53. Ke3 Ke5 54. Rg2 Rh3+ 55. Kd2 Nd5 56. Rg5+ Ke4 57. Rg4+ Nf4 58. Kc2 Rf3 {
... 95} 1/2-1/2

[Event "International Tournament "]
[Site "Pool "]
[Date "2021.07.14"]
[Round "7.32"]
[White "Orujov, Farid"]
[Black "Ozenir, Ekin Baris"]
[Result "0-1"]
[WhiteElo "2039"]
[BlackElo "2331"]
[Annotator "Balkanchess"]
[PlyCount "36"]
[EventDate "2021.07.09"]

1. e4 e6 2. d4 d5 3. Nc3 Nf6 4. e5 Nfd7 5. Nce2 c5 6. c3 cxd4 7. cxd4 f6 8.
exf6 Nxf6 9. Nf3 Nc6 10. Nc3 Bd6 11. Bd3 O-O 12. O-O a6 13. Re1 Qc7 14. Bg5 Bd7
15. Rc1 Ng4 16. g3 h6 17. Be3 Nxe3 18. Rxe3 Rad8 {...41} 0-1

[Event "International Tournament "]
[Site "Pool "]
[Date "2021.07.14"]
[Round "7.33"]
[White "Ohanyan, Emin"]
[Black "Zhukenov, Aituar"]
[Result "1-0"]
[WhiteElo "2324"]
[BlackElo "2241"]
[PlyCount "41"]
[EventDate "2021.07.09"]

1. e4 c5 2. Nf3 d6 3. d4 cxd4 4. Nxd4 Nf6 5. Nc3 Nc6 6. Bg5 e6 7. Qd3 a6 8.
Nxc6 bxc6 9. O-O-O Qa5 10. Qg3 Be7 11. h4 Rb8 12. Bc4 O-O 13. h5 Rb4 14. Bb3 d5
15. Bh6 Ne8 16. Bxg7 Nxg7 17. h6 Bf6 18. Rh5 Re8 19. hxg7 Qd8 20. Rdh1 h6 21.
Rxh6 1-0

[Event "International Tournament "]
[Site "Pool "]
[Date "2021.07.14"]
[Round "7.34"]
[White "Kurmangaliyeva, Liya"]
[Black "Spasic, Petar"]
[Result "1-0"]
[WhiteElo "2322"]
[BlackElo "2227"]
[Annotator "Balkanchess"]
[PlyCount "35"]
[EventDate "2021.07.09"]

1. e4 c5 2. Nf3 Nc6 3. d4 cxd4 4. Nxd4 Nf6 5. Nc3 e5 6. Ndb5 d6 7. Bg5 a6 8.
Na3 b5 9. Bxf6 gxf6 10. Nd5 Bg7 11. c3 O-O 12. g3 Rb8 13. Nc2 f5 14. exf5 Bxf5
15. Bg2 Bg6 16. O-O Kh8 17. Qd2 f5 18. Rad1 {...51} 1-0

[Event "International Tournament "]
[Site "Pool "]
[Date "2021.07.14"]
[Round "7.35"]
[White "Barseghyan, Armen Ar"]
[Black "Rakshitta, Ravi"]
[Result "1-0"]
[WhiteElo "2316"]
[BlackElo "2190"]
[PlyCount "55"]
[EventDate "2021.07.09"]

1. d4 Nf6 2. Nf3 d5 3. c4 e6 4. Nc3 Nbd7 5. Bg5 c6 6. e3 Qa5 7. Nd2 Bb4 8. Rc1
Ne4 9. Ndxe4 dxe4 10. Bh4 Qxa2 11. Qc2 Nb6 12. Be2 Na4 13. O-O Bxc3 14. bxc3
Nxc3 15. Qxc3 Qxe2 16. Qa3 f6 17. f3 Qd3 18. Rc3 Qd2 19. Qa1 exf3 20. Rf2 Qxf2+
21. Kxf2 Bd7 22. Ra3 a6 23. c5 Rd8 24. Bg3 Bc8 25. Bd6 Kf7 26. Qd1 h5 27. e4 g5
28. Rxf3 1-0

[Event "International Tournament "]
[Site "Pool "]
[Date "2021.07.14"]
[Round "7.36"]
[White "Heinemann, Josefine"]
[Black "Balabayeva, Xeniya"]
[Result "1-0"]
[WhiteElo "2285"]
[BlackElo "2116"]
[PlyCount "89"]
[EventDate "2021.07.09"]

1. e4 c6 2. Nf3 d5 3. d3 Qc7 4. exd5 cxd5 5. c4 dxc4 6. dxc4 e6 7. Nc3 a6 8.
Bd3 Nf6 9. O-O Be7 10. Bg5 O-O 11. Qe2 Nc6 12. Rac1 Bd7 13. a3 Rfd8 14. b4 Be8
15. Rfd1 Rac8 16. Bh4 h6 17. c5 Nh5 18. Bxe7 Nxe7 19. Qe5 Qxe5 20. Nxe5 Nf4 21.
Bf1 Nfd5 22. Nxd5 exd5 23. Nf3 Kf8 24. Nd4 Ba4 25. Rd2 g6 26. g3 Nc6 27. f4 Re8
28. Kf2 Re4 29. Nxc6 Bxc6 30. Bg2 Re7 31. Re1 Rd7 32. Bh3 f5 33. g4 Rf7 34.
gxf5 gxf5 35. Re5 Kg7 36. Ke3 Rcf8 37. Kd4 Ra8 38. Rg2+ Kf8 39. Rg6 a5 40. Rxh6
Kg7 41. Ree6 Rff8 42. Reg6+ Kf7 43. Bxf5 axb4 44. axb4 Ra4 45. Rh7+ 1-0

[Event "International Tournament "]
[Site "Pool "]
[Date "2021.07.14"]
[Round "7.37"]
[White "Phatak, Aanjaneya"]
[Black "Dev, Shah"]
[Result "1-0"]
[WhiteElo "1769"]
[BlackElo "2270"]
[PlyCount "89"]
[EventDate "2021.07.09"]

1. e4 e5 2. Nf3 Nc6 3. Bb5 a6 4. Ba4 Nf6 5. O-O b5 6. Bb3 Bc5 7. c3 d6 8. d4
Bb6 9. h3 O-O 10. a4 Rb8 11. Re1 h6 12. Na3 b4 13. Nc4 bxc3 14. bxc3 Na5 15.
Ba2 Nxc4 16. Bxc4 Ba5 17. Re3 Bb7 18. Qc2 Bb6 19. a5 Ba7 20. Re1 exd4 21. cxd4
Bxe4 22. Rxe4 d5 23. Re5 dxc4 24. Qxc4 Rb5 25. Ba3 Re8 26. Rxb5 axb5 27. Qxb5
Bxd4 28. Nxd4 Qxd4 29. Bb2 Qd5 30. Qa4 Re4 31. Qa3 Nd7 32. Qg3 f6 33. a6 Ra4
34. Rxa4 Qd1+ 35. Kh2 Qxa4 36. Qxc7 Ne5 37. Bxe5 fxe5 38. a7 Kh7 39. g3 Qa2 40.
Qc5 Qa6 41. Qc2+ Kg8 42. Qc7 Kh7 43. Qb8 Qe2 44. a8=Q Qxf2+ 45. Qg2 1-0

[Event "International Tournament "]
[Site "Pool "]
[Date "2021.07.14"]
[Round "7.38"]
[White "Milosevic, Milos"]
[Black "Samaridis, Konstantinos"]
[Result "1/2-1/2"]
[WhiteElo "2396"]
[BlackElo "2081"]
[PlyCount "40"]
[EventDate "2021.07.09"]

1. e4 e5 2. Bc4 Nf6 3. d3 Nc6 4. Nc3 Na5 5. Nge2 Nxc4 6. dxc4 d6 7. Qd3 Be6 8.
O-O Be7 9. b3 Qd7 10. a4 O-O 11. Bb2 Ne8 12. f4 exf4 13. Nxf4 Bf6 14. a5 Rd8
15. Qe3 a6 16. Nd3 Qe7 17. e5 Bg5 18. Qg3 Bh4 19. exd6 cxd6 20. Qf3 Bf6 1/2-1/2

[Event "International Tournament "]
[Site "Pool "]
[Date "2021.07.14"]
[Round "7.39"]
[White "Sharma, Isha"]
[Black "Kamalidenova, Meruert"]
[Result "0-1"]
[WhiteElo "2213"]
[BlackElo "2334"]
[PlyCount "108"]
[EventDate "2021.07.09"]

1. e4 c5 2. Nf3 d6 3. Bb5+ Nd7 4. c3 Ngf6 5. Qe2 a6 6. Ba4 e6 7. O-O Be7 8. d4
b5 9. Bc2 Bb7 10. a4 Qb6 11. Bf4 Nf8 12. axb5 axb5 13. Rxa8+ Bxa8 14. Na3 Bc6
15. dxc5 dxc5 16. Ne5 Ng6 17. Nxc6 Qxc6 18. Bg3 c4 19. Ra1 O-O 20. h4 h5 21. e5
Ng4 22. Be4 Qc5 23. Bxg6 fxg6 24. Nc2 Qb6 25. Nd4 Bc5 26. Rd1 Nh6 27. f3 Nf5
28. Bf2 Rd8 29. Qe4 b4 30. g4 Ne7 31. Kg2 Bxd4 32. Rxd4 Rxd4 33. Bxd4 Qb5 34.
Qa8+ Kh7 35. Qf8 bxc3 36. bxc3 Qb7 37. gxh5 gxh5 38. Qf7 Qb2+ 39. Kg3 Nf5+ 40.
Kh3 Qe2 41. Qxh5+ Nh6 42. Kg3 g6 43. Qg5 Nf5+ 44. Kh3 Qxf3+ 45. Kh2 Qe2+ 46.
Kh3 Qe1 47. Kg2 Nxh4+ 48. Kh3 Qh1+ 49. Kg4 Nf5 50. Qf6 Qg2+ 51. Kf4 g5+ 52.
Qxg5 Qd2+ 53. Kg4 Nh6+ 54. Kh5 Qe2+ 0-1

[Event "International Tournament "]
[Site "Pool "]
[Date "2021.07.14"]
[Round "7.40"]
[White "Shpanko, Nadiia"]
[Black "Nogerbek, Kazybek"]
[Result "1/2-1/2"]
[WhiteElo "2203"]
[BlackElo "2328"]
[PlyCount "61"]
[EventDate "2021.07.09"]

1. d4 Nf6 2. c4 e6 3. Nc3 d5 4. cxd5 exd5 5. Bg5 c6 6. e3 Bd6 7. Bd3 O-O 8. Qc2
h6 9. Bh4 Be6 10. Nf3 Nbd7 11. O-O Qc7 12. Bg3 a6 13. Ne2 Rfe8 14. Nf4 Ne4 15.
Nxe6 Rxe6 16. Bxe4 Rxe4 17. Nd2 Re6 18. Nb3 Bxg3 19. hxg3 Nf6 20. Nc5 Re7 21.
Rac1 g6 22. Rfe1 Rae8 23. b4 h5 24. Qe2 Ng4 25. Qf3 Kg7 26. a4 Rd8 27. Qf4 Rd6
28. f3 g5 29. Qxg5+ Rg6 30. Qf4 Nh6 31. Qxc7 1/2-1/2

[Event "International Tournament "]
[Site "Pool "]
[Date "2021.07.14"]
[Round "7.41"]
[White "Yordanov, Lachezar"]
[Black "Ozdemir, Serhan Berat"]
[Result "1-0"]
[WhiteElo "2325"]
[BlackElo "2191"]
[PlyCount "71"]
[EventDate "2021.07.09"]

1. d4 Nf6 2. c4 g6 3. Nc3 Bg7 4. e4 d6 5. Be2 O-O 6. Be3 c5 7. d5 e6 8. Nf3 Na6
9. O-O exd5 10. cxd5 Nc7 11. a4 Bg4 12. Nd2 Bxe2 13. Qxe2 Re8 14. Qf3 a6 15.
Bg5 h6 16. Bh4 Rb8 17. Nc4 b5 18. axb5 axb5 19. Na5 g5 20. Nc6 Qc8 21. Nxb8
gxh4 22. Nc6 b4 23. e5 dxe5 24. Ne4 Nfxd5 25. Nd6 Qd7 26. Nxe8 Qxe8 27. Na5 e4
28. Qg4 Nb5 29. Nc4 Nd4 30. Kh1 Nc2 31. Ra7 Nf6 32. Qf5 b3 33. h3 Qb8 34. Ra6
Qb5 35. Ra8+ Ne8 36. Qxe4 1-0

[Event "International Tournament "]
[Site "Pool "]
[Date "2021.07.14"]
[Round "7.42"]
[White "Vetokhin, Savva"]
[Black "Radisavljevic, Dalibor"]
[Result "1-0"]
[WhiteElo "2324"]
[BlackElo "2186"]
[PlyCount "91"]
[EventDate "2021.07.09"]

1. Nf3 Nf6 2. g3 g6 3. Bg2 Bg7 4. O-O O-O 5. d4 c5 6. c4 cxd4 7. Nxd4 d6 8. Nc3
Nc6 9. Nc2 Nd7 10. Qd2 a5 11. b3 Nc5 12. Bb2 Bf5 13. Ne3 Bd7 14. Ncd5 e5 15. f4
f5 16. fxe5 dxe5 17. Ba3 b6 18. Bxc5 bxc5 19. Nb6 Qxb6 20. Qxd7 Rac8 21. Rad1
e4 22. Nd5 Qd8 23. Qb7 Qd6 24. g4 Rce8 25. e3 Rf7 26. Qb5 Rb8 27. Ne7+ Qxe7 28.
Qxc6 Bh6 29. gxf5 Bxe3+ 30. Kh1 gxf5 31. Qd5 f4 32. Bxe4 Kh8 33. Bf5 Qf6 34.
Be6 Re7 35. Bg4 a4 36. bxa4 Rb2 37. Qf3 Rxa2 38. Qh3 Rxa4 39. Rd8+ Kg7 40. Bf5
h6 41. Qg2+ Qg5 42. Qd5 Rf7 43. Qe5+ Qf6 44. Qe8 Rf8 45. Rd7+ Rf7 46. Be6 1-0

[Event "International Tournament "]
[Site "Pool "]
[Date "2021.07.14"]
[Round "7.43"]
[White "Sylvan, Jacob"]
[Black "Efremov, Vladislav"]
[Result "0-1"]
[WhiteElo "2322"]
[BlackElo "2173"]
[PlyCount "108"]
[EventDate "2021.07.09"]

1. e4 e5 2. Nf3 Nc6 3. Bb5 a6 4. Ba4 f5 5. d4 exd4 6. e5 b5 7. Bb3 Bb7 8. O-O
Na5 9. Re1 Nxb3 10. axb3 Bc5 11. Ng5 Qe7 12. e6 O-O-O 13. Nf7 dxe6 14. Nxh8 Nf6
15. Bg5 Rxh8 16. b4 Bxb4 17. c3 dxc3 18. Nxc3 h6 19. Bf4 Bc5 20. Be3 Bxe3 21.
Rxe3 e5 22. Rc1 Rd8 23. Rd3 Rxd3 24. Qxd3 Qd7 25. Qg3 b4 26. Na4 Qxa4 27. Qxg7
Ne8 28. Qxh6 Qd7 29. h4 Kb8 30. h5 Qf7 31. Qg5 Ka7 32. h6 f4 33. Rc5 f3 34. Qe3
Kb8 35. Rxe5 Nf6 36. gxf3 Qg6+ 37. Kh2 Bxf3 38. Qxf3 Ng4+ 39. Kh3 Nxe5 40. Qf8+
Kb7 41. Qxb4+ Kc8 42. Qf8+ Kd7 43. Qg7+ Kd6 44. Qxg6+ Nxg6 45. h7 c5 46. Kg4 c4
47. Kf3 Kd5 48. Kg4 a5 49. Kf5 Nh8 50. Kf6 a4 51. Kg7 Ke6 52. f4 c3 53. f5+ Ke7
54. f6+ Ke6 0-1

[Event "International Tournament "]
[Site "Pool "]
[Date "2021.07.14"]
[Round "7.44"]
[White "Martic, Ivan"]
[Black "Djukic, Sandra"]
[Result "1/2-1/2"]
[WhiteElo "2314"]
[BlackElo "2172"]
[PlyCount "47"]
[EventDate "2021.07.09"]

1. Nf3 d5 2. g3 Nf6 3. Bg2 e6 4. d4 Be7 5. O-O O-O 6. c4 dxc4 7. Qa4 a6 8. Qxc4
b5 9. Qc2 Bb7 10. Bd2 Be4 11. Qc1 Nbd7 12. Ba5 Ra7 13. Nbd2 Bd5 14. Qc2 Qa8 15.
b4 Nb6 16. Rfc1 Ne4 17. Nb3 Nc4 18. a3 Bf6 19. Rd1 Re8 20. h4 h6 21. Bh3 g6 22.
Bg2 Kg7 23. Ne1 h5 24. Nf3 1/2-1/2

[Event "International Tournament "]
[Site "Pool "]
[Date "2021.07.14"]
[Round "7.45"]
[White "Ufimtsev, Egor"]
[Black "Czerw, Dawid"]
[Result "1/2-1/2"]
[WhiteElo "2168"]
[BlackElo "2306"]
[PlyCount "60"]
[EventDate "2021.07.09"]

1. c4 Nf6 2. Nf3 g6 3. Nc3 Bg7 4. g3 O-O 5. Bg2 d6 6. d4 Nbd7 7. O-O c6 8. b3
Qa5 9. Bb2 e5 10. e3 Re8 11. a3 Qd8 12. Qc2 exd4 13. exd4 Nf8 14. Rfe1 Bf5 15.
Qd2 Ne4 16. Nxe4 Bxe4 17. Nh4 Bxg2 18. Rxe8 Qxe8 19. Nxg2 d5 20. cxd5 cxd5 21.
Ne3 Qd7 22. Qa5 Rd8 23. Qxa7 Qb5 24. Qa4 Qe2 25. Bc3 Ne6 26. Qa5 Qf3 27. Re1
Bf6 28. Qb5 Bxd4 29. Bxd4 Nxd4 30. Qd3 Ne6 1/2-1/2

[Event "International Tournament "]
[Site "Pool "]
[Date "2021.07.14"]
[Round "7.46"]
[White "Krasteva, Beloslava"]
[Black "Karisik, Nenad"]
[Result "0-1"]
[WhiteElo "2305"]
[BlackElo "2144"]
[PlyCount "102"]
[EventDate "2021.07.09"]

1. d4 Nf6 2. c4 e6 3. Nc3 Bb4 4. e3 O-O 5. Bd3 c5 6. Nge2 d5 7. cxd5 exd5 8. a3
cxd4 9. axb4 dxc3 10. O-O Bg4 11. bxc3 Nc6 12. f3 Bh5 13. Nf4 Bg6 14. Be2 Re8
15. Qb3 a5 16. b5 Ne7 17. g4 h5 18. h3 hxg4 19. hxg4 Nd7 20. Rd1 Qc7 21. Kg2
Nb6 22. Rd4 Rec8 23. Ba3 Bh7 24. c4 Nxc4 25. Nxd5 Nxd5 26. Bxc4 a4 27. Qa2
Nxe3+ 28. Kh3 Nc2 29. Rad1 Nxd4 30. Rxd4 Bg6 31. Bb2 a3 32. Ba1 Qe7 33. Rf4 Rc7
34. Qd2 Rd8 35. Qc3 Qf8 36. Qe5 Rc5 37. Qe3 Rdc8 38. Qc3 b6 39. Qb3 Kh7 40.
Bxf7 Qd6 41. Bxg6+ Qxg6 42. Rf7 Rg8 43. Rd7 Rc2 44. Rd5 Rc5 45. Rd7 Rc1 46. Rd5
Qh6+ 47. Kg2 Qh1+ 48. Kg3 Rg1+ 49. Kf4 Rf8+ 50. Ke4 Re1+ 51. Kd4 Rf4+ 0-1

[Event "International Tournament "]
[Site "Pool "]
[Date "2021.07.14"]
[Round "7.49"]
[White "Dolgun, Can"]
[Black "Defromont, Benjamin"]
[Result "1-0"]
[WhiteElo "2133"]
[BlackElo "2246"]
[PlyCount "109"]
[EventDate "2021.07.09"]

1. e4 e5 2. Nf3 Nc6 3. Bb5 a6 4. Ba4 Nf6 5. O-O Be7 6. Bxc6 dxc6 7. d3 Nd7 8.
Nbd2 f6 9. Nh4 Nf8 10. Nf5 Bxf5 11. exf5 g6 12. f4 exf4 13. Rxf4 Qd7 14. Ne4
O-O-O 15. Qf1 g5 16. Rf2 Qd5 17. Re2 Nd7 18. Bd2 Rhe8 19. Bc3 Bc5+ 20. Kh1 Bd4
21. Rae1 Bxc3 22. Nxc3 Qf7 23. Qf2 c5 24. Re6 Nf8 25. R6e4 Nd7 26. Re6 Nf8 27.
R6e4 Nd7 28. h3 b6 29. Re6 Ne5 30. Ne4 Nd7 31. Qg3 Qf8 32. Rc6 Re5 33. Rxf6
Nxf6 34. Qxe5 Re8 35. Qg3 h6 36. Nxf6 Rxe1+ 37. Qxe1 Qxf6 38. Qe8+ Kb7 39. Qe4+
Ka7 40. c3 Qd6 41. d4 cxd4 42. cxd4 h5 43. Qe5 Qc6 44. Kh2 h4 45. f6 Qd7 46. d5
Kb8 47. Qe6 Qa4 48. Qg8+ Ka7 49. Qxg5 Qe8 50. Qf5 Qf8 51. Qe6 Qh6 52. Qe5 Kb7
53. f7 a5 54. d6 Qf8 55. Qe7 1-0